000 00442nam a2200181 a 4500
001 23893
003 CO-ViMGA
008 141112s2004 ck r 000 u spa d
020 _a9802572772
040 _aCO-ViMGA
_bspa
_cCO-ViMGA
082 0 4 _aYOT
245 1 0 _aYo tenia diez perritos
260 _aVenezuela :
_bekare
300 _a26p
650 1 4 _a2 : JUEGOS INFANTILES
_934623
650 1 4 _aCANCIONES INFANTILES
_91028
942 _2ddc
_cBK
999 _c31966
_d31966